000 01056cam a22003017a 4500
003 CHAP
005 20220329142630.0
008 010920d2001 mx r 00110 spa d
010 _a85905
011 _a86877
035 _a97417
040 _cCHAP
090 _aTesis
100 0 0 _aCanul Ku, Jaime
_918552
245 1 4 _aLos reguladores de crecimiento en el cultivo de jitomate (Lycopersicon esculentum Mill.) una revisión bibliográfica
_c/por Jaime Canul Ku
260 _aChapingo, Méx. :
_bEl autor,
_c2002.
300 _a198 h.
502 _aTesis (Ing. Agr. Esp. en Fitotecnia) -- UACH. Departamento de Fitotecnia
590 _aALEPH
_b10
_c20130110
_lUCH01
_h1447
590 _aBATCH-UPD
_b10
_c20130110
_lUCH01
_h0833
590 _aCONVERSION
_b10
_c20130109
_lUCH01
_h1348
650 1 4 _aPlantas
_xCrecimiento
_xEstimulantes.
_988808
650 1 4 _aTomate
_xCrecimiento.
_9113702
901 _aBK
942 _cFOLL
949 _aTesis
_bBC
_cTES
_d33724000867586
_eTS2
_fc.2
_h39476
_i97417
_si
949 _aTesis
_bBC
_cTES
_d974171
_eTS1
_h39475
_i97417
_sb
999 _c85905
_d85905